The Sunday school at work. (Record no. 7478)
[ view plain ]
| 000 -LEADER | |
|---|---|
| fixed length control field | 00794cas a2200265u 4500 |
| 001 - CONTROL NUMBER | |
| control field | 11052897 |
| 003 - CONTROL NUMBER IDENTIFIER | |
| control field | GBCCL |
| 005 - DATE AND TIME OF LATEST TRANSACTION | |
| control field | 20241126110629.0 |
| 008 - FIXED-LENGTH DATA ELEMENTS--GENERAL INFORMATION | |
| fixed length control field | 930522u tnu u 0 0eng |
| 010 ## - | |
| -- | 68025544 |
| 040 ## - CATALOGING SOURCE | |
| Original cataloging agency | DLC |
| Transcribing agency | CarP |
| Modifying agency | DLC |
| 050 00 - | |
| -- | BX6223 |
| -- | .S85 |
| 082 ## - DEWEY DECIMAL CLASSIFICATION NUMBER | |
| Classification number | 268 |
| Item number | SUN |
| 245 04 - TITLE STATEMENT | |
| Title | The Sunday school at work. |
| 260 ## - PUBLICATION, DISTRIBUTION, ETC. | |
| Place of publication, distribution, etc. | Nashville, |
| Name of publisher, distributor, etc. | Convention Press |
| Date of publication, distribution, etc. | [n.d.] |
| 300 ## - PHYSICAL DESCRIPTION | |
| Extent | v. in |
| Dimensions | 19 cm. |
| 310 ## - | |
| -- | Unknown |
| 500 ## - GENERAL NOTE | |
| General note | Serial. |
| 611 20 - | |
| -- | Southern Baptist Convention |
| -- | Education. [from old catalog] |
| -- | 13106 |
| 650 #0 - SUBJECT ADDED ENTRY--TOPICAL TERM | |
| Topical term or geographic name entry element | Sunday schools. |
| 9 (RLIN) | 4555 |
| 700 1# - ADDED ENTRY--PERSONAL NAME | |
| Personal name | Washburn, Alphonso V., |
| Relator term | comp. |
| 9 (RLIN) | 6041 |
| 830 #0 - | |
| -- | Crusade of the Americas resource. [from old catalog] |
| -- | 13220 |
| 906 ## - LOCAL DATA ELEMENT F, LDF (RLIN) | |
| a | 0 |
| b | cbc |
| c | serprem |
| d | u |
| e | ncip |
| f | 19 |
| g | y-ilsserca |
| 942 ## - ADDED ENTRY ELEMENTS (KOHA) | |
| Source of classification or shelving scheme | Dewey Decimal Classification |
| Koha item type | Books |
| Koha issues (borrowed), all copies | 3 |
| Withdrawn status | Lost status | Source of classification or shelving scheme | Damaged status | Not for loan | Home library | Current Library | Shelving location | Date acquired | Total checkouts | Full call number | Barcode | Date last seen | Date last checked out | Copy number | Price effective from | Koha item type |
|---|---|---|---|---|---|---|---|---|---|---|---|---|---|---|---|---|
| Dewey Decimal Classification | GRACE BIBLE COLLEGE | GRACE BIBLE COLLEGE | Ministry & Mission | 2018-08-16 | 1 | 268 SUN | 002644 | 2025-05-01 | 2019-02-15 | 1967-68 | 2018-08-16 | Books | ||||
| Dewey Decimal Classification | GRACE BIBLE COLLEGE | GRACE BIBLE COLLEGE | Ministry & Mission | 2018-08-16 | 268 SUN | 002645 | 2025-05-01 | 1968-69 | 2018-08-16 | Books | ||||||
| Dewey Decimal Classification | GRACE BIBLE COLLEGE | GRACE BIBLE COLLEGE | Ministry & Mission | 2018-08-16 | 268 SUN | 002646 | 2025-05-01 | 1968-69 | 2018-08-16 | Books | ||||||
| Dewey Decimal Classification | GRACE BIBLE COLLEGE | GRACE BIBLE COLLEGE | Ministry & Mission | 2018-08-16 | 1 | 268 SUN | 002647 | 2025-05-01 | 2022-08-31 | 1969-70 | 2018-08-16 | Books | ||||
| Dewey Decimal Classification | GRACE BIBLE COLLEGE | GRACE BIBLE COLLEGE | Ministry & Mission | 2018-08-16 | 1 | 268 SUN | 002650 | 2025-05-01 | 2018-09-03 | 1969-70 | 2018-08-16 | Books |